[Event "56th Rubinstein Memorial A 2020"]
[Site "Polanica Zdroj"]
[Date "2020.08.21"]
[Round "7.4"]
[White "Hetzer, Volkhard"]
[Black "Wojcik, Wieslaw"]
[Result "1-0"]
[WhiteElo "1911"]
[BlackElo "1863"]
[Annotator "RC"]
[PlyCount "66"]
[EventDate "2020.08.15"]
[EventType "swiss"]
[EventCountry "POL"]
[SourceTitle "playchess.com"]
[Source "ChessBase"]
[SourceQuality "1"]
[TimeControl "40/5400+30:1800+30"]

1. Nf3 {[%emt 0:00:00]} d6 {[%emt 0:00:11]} 2. e4 {[%emt 0:05:08]} c5 {[%emt 0:00:37]} 3. c3 {[%emt 0:03:04]} Nf6 {[%emt 0:01:52]} 4. h3 {[%emt 0:01:36]} Nc6 {[%emt 0:03:05]} 5. Bd3 {[%emt 0:05:01]} e5 {[%emt 0:12:01]} 6. Bc2 {[%emt 0:02:28]} Be7 {[%emt 0:09:25]} 7. d3 {[%emt 0:05:22]} O-O {[%emt 0:01:48]} 8. O-O {[%emt 0:00:11]} d5 {[%emt 0:04:33]} 9. Nbd2 {[%emt 0:02:45]} dxe4 {[%emt 0:07:14]} 10. dxe4 {[%emt 0:00:08]} Qc7 {[%emt 0:00:51]} 11. Qe2 {[%emt 0:01:24]} h6 {[%emt 0:01:17]} 12. Re1 {[%emt 0:03:10]} Be6 {[%emt 0:00:45]} 13. Nf1 {[%emt 0:04:25]} Rfd8 {[%emt 0:03:47]} 14. Ng3 {[%emt 0:05:20]} Rab8 {[%emt 0:02:03]} 15. Nf5 {[%emt 0:15:24]} Bf8 {[%emt 0:00:31]} 16. N3h4 {[%emt 0:03:22]} Ne7 {[%emt 0:04:44]} 17. Qf3 {[%emt 0:09:14]} Nxf5 {[%emt 0:00:40]} 18. exf5 {[%emt 0:02:55]} Bd5 {[%emt 0:10:34]} 19. Qg3 {[%emt 0:00:12]} Kh8 {[%emt 0:00:28]} 20. Nf3 {[%emt 0:02:37]} Bxf3 {[%emt 0:01:20]} 21. Qxf3 {[%emt 0:00:06]} Bd6 {[%emt 0:15:47]} 22. g4 {[%emt 0:06:46]} Re8 {[%emt 0:08:09]} 23. h4 {[%emt 0:05:34]} e4 {[%emt 0:02:58]} 24. Qg2 {[%emt 0:04:23]} Bf4 {[%emt 0:00:25]} 25. g5 {[%emt 0:00:19]} Nh7 {[%emt 0:01:51]} 26. Qg4 {[%emt 0:04:16]} Bxc1 {[%emt 0:02:22]} 27. Raxc1 {[%emt 0:00:16]} hxg5 {[%emt 0:00:30]} 28. hxg5 {[%emt 0:00:14]} Qe7 {[%emt 0:01:18]} 29. f4 {[%emt 0:02:17]} g6 {[%emt 0:01:29]} 30. f6 {[%emt 0:04:39]} Qe6 {[%emt 0:00:09]} 31. Qh4 {[%emt 0:00:29]} e3 {[%emt 0:00:44]} 32. Re2 {[%emt 0:00:26]} Rbd8 {[%emt 0:00:20]} 33. Rh2 {[%emt 0:00:23]} Ra8 1-0

[Event "56th Rubinstein Memorial A 2020"]
[Site "Polanica Zdroj"]
[Date "2020.08.21"]
[Round "7.5"]
[White "Zochowski, Kacper"]
[Black "Goluch, Piotr"]
[Result "0-1"]
[WhiteElo "2278"]
[BlackElo "2376"]
[Annotator "TA"]
[PlyCount "84"]
[EventDate "2020.08.15"]
[EventType "swiss"]
[EventCountry "POL"]
[SourceTitle "playchess.com"]
[Source "ChessBase"]
[SourceQuality "1"]

{[%evp 9,84,-43,-24,-20,-24,-25,-26,-25,-19,-29,-16,-18,1,-10,0,-10,-15,-8,0,-12,-5,-18,18,-28,-18,-54,-50,-46,-35,-43,-4,-7,14,-6,0,0,0,-28,0,-32,-29,-77,0,0,23,25,16,0,-12,-7,-3,-56,-47,-58,-71,-74,-71,-99,-90,-103,-111,-96,-110,-204,-211,-204,-198,-292,-290,-288,-262,-554,-553,-513,-429,-761,-627]} 1. e4 c6 2. Nc3 d5 3. Qe2 d4 4. Nd1 e5 5. g3 c5 6. d3 {B11: Caro-Kann: Two Knights Variation.} Nc6 7. f4 Bd6 8. Nf3 {Black has an edge.} Nf6 9. Bg2 Qc7 10. O-O Bg4 11. Nf2 Bxf3 12. Qxf3 O-O-O 13. Bd2 Kb8 14. a3 {[#]} Nd7 $146 ({Predecessor:} 14... h5 15. c4 h4 16. f5 hxg3 17. hxg3 Be7 18. Rab1 a5 19. Nh3 Rdg8 20. g4 g6 {½-½ (40) Van Delft,M (2396)-Pijpers,A (2471) Leiden 2018}) 15. Rab1 a6 16. Bh3 h5 17. Bxd7 Qxd7 18. f5 Rc8 19. b3 Na7 20. Nd1 {[%cal Bf2d1,Bd1b2,Bb2c4][%mdl 32]} Nb5 21. Ra1 Bc7 22. Nb2 Nd6 23. Rfc1 g6 24. Nc4 gxf5 25. exf5 Nxf5 ({Of course not} 25... Qxf5 26. Qxf5 Nxf5 27. Rf1 $11) ({Black should try} 25... f6 $17) 26. Rf1 $11 Ne7 {[#] Threatens to win with ...h4.} 27. Rae1 Nc6 28. Qxf7 Qxf7 29. Rxf7 b5 $36 {[%mdl 2048] Black is pushing.} 30. Rf6 ({White should play} 30. Nb2 $11) 30... Bd8 $15 31. Rxc6 $1 {[%mdl 64] Remove Defender} Rxc6 32. Nxe5 {[#]} Rc8 $1 33. Nf7 Rf8 34. Nxd8 Rfxd8 $17 {[%mdl 4096] Endgame KRR-KRB} ({Don't take} 34... Rcxd8 35. Bf4+ Kb7 36. Re7+ Ka8 37. Re5 $15) 35. Bf4+ Kb7 36. Rb1 (36. Re7+ $17 {was worth a try.} Kb6 37. Re6+ Rc6 38. Re7) 36... Kc6 $19 37. Kf2 Kd5 38. Ke2 (38. h4 $142) 38... Re8+ 39. Kd2 Rc6 40. c4+ $2 (40. Rf1) 40... dxc3+ $1 {Black is clearly winning.} 41. Kxc3 Re2 42. h4 (42. b4 $142 Rxh2 43. bxc5 Kxc5 44. Re1) 42... a5 {Accuracy: White = 61%, Black = 87%.} 0-1

[Event "56th Rubinstein Memorial A 2020"]
[Site "Polanica Zdroj"]
[Date "2020.08.21"]
[Round "7.5"]
[White "Hertlein, Irena"]
[Black "Topola, Rafal"]
[Result "1-0"]
[WhiteElo "1905"]
[BlackElo "1808"]
[Annotator "TA"]
[PlyCount "99"]
[EventDate "2020.08.15"]
[EventType "swiss"]
[EventCountry "POL"]
[SourceTitle "playchess.com"]
[Source "ChessBase"]
[SourceQuality "1"]

{[%evp 12,99,36,37,38,17,17,16,23,17,20,11,6,12,10,4,13,3,20,18,16,2,5,0,5,0,6,0,0,0,4,4,7,8,13,11,9,10,17,15,20,0,0,0,0,0,10,0,3,0,357,341,277,64,708,693,667,541,1878,1832,10519,5816,6221,5740,29964,29965,29964,29964,29967,29969,29970,29971,29978,29976,29976,29977,29977,29979,29979,29980,29980,29981,29981,29982,29982,29982,29982,29983,29983,29983]} 1. e4 c6 2. d4 d5 3. Nd2 dxe4 4. Nxe4 Nd7 5. Nf3 Ngf6 6. Nxf6+ Nxf6 7. c3 Bf5 {B17: Caro-Kann: Modern Line (4...Nd7).} 8. Bd3 Bxd3 9. Qxd3 e6 {The position is equal.} 10. Bf4 Bd6 11. Bxd6 (11. Bg5 {keeps more tension.} O-O 12. O-O Be7 13. Rad1 Qc7 14. Qe2) 11... Qxd6 12. O-O O-O 13. Rad1 Rfd8 14. Qe2 Qd5 15. a3 {[#]} Rac8 $146 ({Predecessor:} 15... Qb3 16. Ne5 Rd6 17. Rd2 Rad8 18. Rfd1 h6 19. Kf1 Qd5 20. f3 Qb3 21. Kf2 Nd7 22. Nc4 Rd5 23. Ne3 Rd6 24. Nc4 Rd5 25. Ne3 {½-½ (25) Chromik,T (1829)-Slanina,M (2140) Ostrava 2012}) 16. Rfe1 Qa5 17. Ne5 c5 18. dxc5 Qxc5 19. Rd3 Rxd3 20. Qxd3 h6 21. Nd7 Nxd7 22. Qxd7 $11 {[%mdl 4096] Endgame KQR-KQR} Rc7 23. Qd8+ Kh7 24. Rd1 Qb6 25. Rd2 Rc6 26. Qxb6 (26. Qd3+ {looks sharper.} f5 27. g3 Qc7 28. f3 Rb6 29. Kg2) 26... Rxb6 {KR-KR} 27. Kf1 Kg6 28. Ke2 f5 29. c4 Kf6 30. c5 Rb5 $2 {[%mdl 8192]} (30... Rb3 $11 {and Black has nothing to worry.}) 31. b4 $18 {Kd3 is the strong threat.} a5 32. Rb2 $2 ({White has to play} 32. Kd3 $1 $18 {[%cal Rd3c4]} axb4 33. Kc4 {[%mdl 64] Double Attack}) 32... Ke5 $2 {[%mdl 8192] [#] Black cannot hold the game after this.} (32... axb4 $14 33. axb4 b6) 33. Kd3 $1 {[%cal Rd3c4] Black must now prevent Kc4.} Kd5 {[#]} 34. Kc3 $1 {Threatens to win with Rd2+.} axb4+ 35. axb4 b6 36. Rd2+ Kc6 37. Rd6+ Kc7 38. Rxb6 {White mates.} Rxb6 39. cxb6+ Kxb6 {KP-KP} 40. Kd4 Kb5 41. Ke5 Kxb4 42. Kxe6 {K3P-K3P} f4 43. Kf5 Kc5 44. Kxf4 {K3P-KPP} Kd6 45. Kf5 Ke7 46. Kg6 Kf8 47. f4 Kg8 48. f5 Kf8 49. f6 gxf6 50. Kxf6 {Accuracy: White = 93%, Black = 74%.} 1-0

[Event "56th Rubinstein Memorial A 2020"]
[Site "Polanica Zdroj"]
[Date "2020.08.21"]
[Round "7.6"]
[White "Dahl, Christoph"]
[Black "Lukasiewicz, Krzysztof"]
[Result "1-0"]
[WhiteElo "2228"]
[BlackElo "2343"]
[Annotator "TA"]
[PlyCount "109"]
[EventDate "2020.08.15"]
[EventType "swiss"]
[EventCountry "POL"]
[SourceTitle "playchess.com"]
[Source "ChessBase"]
[SourceQuality "1"]

{[%evp 15,109,20,67,0,12,8,2,7,11,-3,11,0,0,0,10,-36,-36,-36,-32,-36,-37,-26,-26,-26,-9,-31,-42,-43,-24,-24,-32,-57,-24,-13,0,0,0,-4,-11,-13,0,0,0,0,0,-30,-24,-25,-25,-25,-8,-8,-8,-8,-8,-8,-10,-104,-105,-97,0,0,0,0,0,0,0,0,0,0,12,-31,275,247,250,116,112,120,117,125,125,110,110,113,125,137,847,745,1288,1193,29980,29981,29981,29982,29979,29980]} 1. e4 e5 2. Nf3 Nc6 3. d4 exd4 4. Nxd4 Bc5 5. Be3 Qf6 6. c3 Nge7 7. Bc4 b6 8. O-O Bb7 9. Nxc6 {C45: Scotch Game.} (9. f4 $14) 9... Qxc6 $11 10. Bxc5 Qxc5 11. Nd2 {The position is equal.} O-O 12. Qe2 {[#]} Rae8 $146 ({Predecessor:} 12... d5 13. Ba6 Bxa6 14. Qxa6 dxe4 15. Nxe4 Qc6 16. Rfe1 Rfe8 17. Rad1 Ng6 18. f3 Re6 {½-½ (30) Protaziuk,G (2356)-Panczyk,K (2342) Polanica Zdroj 2004}) 13. Rfe1 Ng6 14. Qe3 Qe7 15. Bd5 (15. Rad1 {is interesting.} Bc6 16. Bb3 a5 17. Qg3 d6 18. Nf3) 15... Bxd5 16. exd5 Qxe3 17. Rxe3 Rxe3 18. fxe3 $15 {[%mdl 4096] Endgame KRN-KRN} Re8 19. e4 Nf4 20. Rf1 Nd3 21. b4 {[%cal Bb2b4,Bb4b5][%mdl 32]} g6 22. Rf3 Ne5 23. Rg3 Kg7 24. c4 Kf6 25. Ra3 Ra8 26. b5 Ke7 27. Kf2 Kd6 28. Ke3 Kc5 29. Ra4 c6 30. h3 cxb5 31. Nb3+ Kd6 32. cxb5 f6 33. Kd4 Rc8 34. Rxa7 Rc4+ 35. Ke3 Rc3+ 36. Kd2 (36. Ke2 $11 {keeps the balance.}) 36... Rg3 $17 37. Rb7 Rxg2+ (37... Nc4+ $1 $17 38. Kc2 f5 39. exf5 gxf5) 38. Kc3 $11 Rg3+ 39. Kb4 Nd3+ 40. Kc4 Ne5+ 41. Kb4 Nd3+ 42. Ka3 f5 43. Rxb6+ Ke5 $2 {[%mdl 8192] [#]} (43... Kc7 $15 {keeps the upper hand.} 44. Ra6 Nc5) 44. Rb8 $1 $18 {[%cal Rb8e8]} (44. exf5 gxf5 45. Rh6 Rg8 $14) 44... fxe4 {[#]} 45. b6 (45. Rc8 $1 $18 {is the precise move to win. Hoping for b6.} Rf3 46. b6) 45... Nc5 $16 ({Not} 45... Kxd5 $2 46. Rc8 $18) 46. Rc8 Nb7 47. Rc7 {[%mdl 64] Double Attack} Nd6 {Strongly threatening ...e3.} 48. b7 Nxb7 49. Rxb7 {KRN-KR} Kd6 50. Kb4 {Nc5 is the strong threat.} Rd3 $2 {[%mdl 8192]} (50... Rxh3 $16 51. Kc4 Rh2) 51. Nc5 $18 Rd4+ 52. Kb5 Kxd5 53. Rxd7+ {White mates.} Ke5 54. Rxd4 Kxd4 {[#]} 55. Nxe4 $1 {[%mdl 512] Accuracy: White = 77%, Black = 72%.} 1-0

[Event "56th Rubinstein Memorial A 2020"]
[Site "Polanica Zdroj"]
[Date "2020.08.21"]
[Round "7.6"]
[White "Antoniewicz, Jakub"]
[Black "Bojczewski, Mateusz"]
[Result "0-1"]
[WhiteElo "1806"]
[BlackElo "1886"]
[Annotator "NA RC"]
[PlyCount "106"]
[EventDate "2020.08.15"]
[EventType "swiss"]
[EventCountry "POL"]
[SourceTitle "playchess.com"]
[Source "ChessBase"]
[SourceQuality "1"]
[TimeControl "40/5400+30:1800+30"]

1. d4 {[%emt 0:00:00]} Nf6 {[%emt 0:00:00]} 2. Nc3 {[%emt 0:00:00]} d5 {[%emt 0:00:00]} 3. Bf4 {[%emt 0:00:00]} e6 {[%emt 0:00:31]} 4. e3 {[%emt 0:00:04]} a6 {[%emt 0:01:14]} 5. g4 {[%emt 0:03:35]} h6 {[%emt 0:01:57]} 6. h4 {[%emt 0:04:12] D00: 1 d4 d5: Unusual lines.} c5 {[%emt 0:05:52]} 7. Qf3 {[%emt 0:04:56]} Nc6 {[%emt 0:03:42] [#]} 8. g5 $2 $146 {[%emt 0:14:29]} (8. Nge2 $14 {stays ahead.}) ({Predecessor:} 8. O-O-O Qa5 9. Kb1 Nd7 10. g5 cxd4 11. exd4 hxg5 12. hxg5 Rxh1 13. Qxh1 g6 14. Nf3 {0-1 (49) Alekseenko,K (2563)-Sjugirov,S (2650) Sochi 2017}) 8... cxd4 {[%emt 0:02:26]} 9. gxf6 {[%emt 0:04:00]} (9. exd4 $17 Nxd4 10. Qd3 hxg5 11. Bxg5) 9... dxc3 {[%emt 0:00:16]} 10. fxg7 {[%emt 0:00:02]} Bxg7 {[%emt 0:00:11]} 11. b3 {[%emt 0:00:01]} Qf6 {[%emt 0:05:53]} (11... e5 $19 12. Bh2 Nb4) 12. Bg2 $2 {[%emt 0:06:51]} (12. Bc7 $17) 12... Nb4 {[%emt 0:00:51]} 13. Qe2 {[%emt 0:00:40]} Qg6 {[%emt 0:00:25]} 14. Kf1 {[%emt 0:01:06]} Qxc2 {[%emt 0:01:17]} 15. Nf3 {[%emt 0:00:54]} Bd7 {[%emt 0:01:31]} 16. Qxc2 {[%emt 0:00:59]} Nxc2 {[%emt 0:00:06]} 17. Rc1 {[%emt 0:00:02]} Bb5+ {[%emt 0:00:30]} 18. Kg1 {[%emt 0:00:01]} Nb4 {[%emt 0:00:23]} 19. a4 {[%emt 0:03:41]} Nd3 {[%emt 0:01:58]} 20. Kh2 {[%emt 0:00:33]} Nxc1 {[%emt 0:00:43]} 21. Rxc1 {[%emt 0:00:03]} Be2 {[%emt 0:01:40]} 22. Nd4 {[%emt 0:00:37]} Bxd4 {[%emt 0:02:17]} 23. exd4 {[%emt 0:00:04]} Kd7 {[%emt 0:02:44]} 24. Rxc3 {[%emt 0:00:45]} Rac8 {[%emt 0:00:16]} 25. Re3 {[%emt 0:02:14]} Bg4 {[%emt 0:00:27]} 26. Bf1 {[%emt 0:04:28]} Rc2 {[%emt 0:00:42]} 27. Bd3 {[%emt 0:02:30]} Rb2 {[%emt 0:00:52]} 28. Bg3 {[%emt 0:00:05]} Rc8 {[%emt 0:01:05]} 29. Kg2 {[%emt 0:01:15]} Ke7 {[%emt 0:00:49]} 30. Bh7 {[%emt 0:01:44]} h5 {[%emt 0:01:30]} 31. Bf4 {[%emt 0:01:51]} f5 {[%emt 0:01:03]} 32. Kg3 {[%emt 0:04:08]} Kf7 {[%emt 0:00:38]} 33. f3 {[%emt 0:04:58]} Rcc2 {[%emt 0:01:29]} 34. Be5 {[%emt 0:02:40]} Rg2+ {[%emt 0:02:14]} 35. Kf4 {[%emt 0:00:08] [#]} Bh3 {[%emt 0:01:20]} (35... Bxf3 $142 $1 36. Bh8 (36. Rxf3 Rg4+) 36... Bd1) 36. Rc3 {[%emt 0:01:57]} Rbc2 {[%emt 0:00:25]} 37. Rxc2 {[%emt 0:01:22]} Rxc2 {[%emt 0:00:08]} 38. Kg5 {[%emt 0:00:02]} Rc3 {[%emt 0:07:57]} 39. Kxh5 {[%emt 0:00:49]} Rxf3 {[%emt 0:00:12]} 40. Kg5 {[%emt 0:00:00]} Bg4 {[%emt 0:00:00]} 41. Bg6+ {[%emt 0:10:34]} Ke7 {[%emt 0:00:50]} 42. h5 {[%emt 0:01:20]} Bxh5 {[%emt 0:00:24]} 43. Bxh5 {[%emt 0:01:14]} Rxb3 {[%emt 0:00:06]} 44. a5 {[%emt 0:07:40]} b6 {[%emt 0:01:41]} 45. axb6 {[%emt 0:01:41]} Rxb6 {[%emt 0:00:07]} 46. Kf4 {[%emt 0:01:20]} Rb4 {[%emt 0:00:52]} 47. Ke3 {[%emt 0:01:59]} (47. Bc7 $142 Rxd4+ 48. Kg5) 47... a5 {[%emt 0:00:07]} 48. Kd3 {[%emt 0:01:41]} a4 {[%emt 0:00:07]} 49. Kc3 {[%emt 0:06:20]} a3 {[%emt 0:01:03]} 50. Kxb4 {[%emt 0:00:04]} a2 {[%emt 0:00:05]} 51. Kc3 $19 {[%emt 0:00:26]} a1=Q+ {[%emt 0:00:11]} 52. Kd3 {[%emt 0:00:03]} Qb1+ {[%emt 0:00:35]} 53. Kd2 {[%emt 0:01:15]} Qe4 {[%emt 0:00:10]} 0-1

[Event "56th Rubinstein Memorial A 2020"]
[Site "Polanica Zdroj"]
[Date "2020.08.21"]
[Round "7.7"]
[White "Kowalczyk, Rafal"]
[Black "Chomczyk, Marek"]
[Result "1-0"]
[WhiteElo "2268"]
[BlackElo "2221"]
[Annotator "TA"]
[PlyCount "123"]
[EventDate "2020.08.15"]
[EventType "swiss"]
[EventCountry "POL"]
[SourceTitle "playchess.com"]
[Source "ChessBase"]
[SourceQuality "1"]

{[%evp 13,122,15,12,16,48,42,47,35,59,60,57,67,77,57,50,56,66,66,56,57,80,59,82,57,57,57,191,194,330,307,338,336,351,297,327,238,388,385,523,476,546,550,535,522,513,500,763,720,910,908,943,953,944,839,936,838,887,0,0,0,0,0,0,0,957,963,942,918,900,900,810,402,368,69,62,67,45,31,43,45,52,67,100,108,141,54,478,412,442,377,343,304,1195,1155,12829,1211,1077,1089,29980,29979,29979,29980,29981,29981,29983,29984,29986,29986,29994,29995,29999]} 1. e4 e6 2. d4 d5 3. e5 c5 4. c3 Nc6 5. Nf3 Bd7 6. a3 f6 7. Bd3 Qc7 {[%cal Rf6e5]} 8. Bf4 {C02: French: Advance Variation.} O-O-O 9. b4 c4 {...fxe5 is the strong threat.} 10. Bc2 {White is slightly better.} g5 11. Bg3 {Black must now prevent b5.} g4 $1 {[%cal Rg4f3]} 12. exf6 Bd6 $1 13. Ng5 $1 {[%cal Rg5f7] [#] Strongly threatening Nf7.} Rf8 $146 ({Predecessor:} 13... Nh6 14. Qd2 e5 15. O-O Rde8 16. Ra2 Kb8 17. f7 Re7 18. b5 Nd8 19. dxe5 Bxe5 20. Qxd5 Nhxf7 21. Nxf7 Nxf7 {0-1 (44) Buchal,S (2334)-Anibar,A (2273) Germany 2010}) 14. Nxh7 Rf7 $1 15. Qxg4 Nxf6 16. Nxf6 Rxf6 17. Qg5 (17. b5 {looks sharper.} Na5 18. Nd2 Rff8 19. O-O e5 20. Qg5) 17... Rff8 18. Nd2 Rfg8 19. Qe3 e5 (19... Bxg3 $14 20. fxg3 Rxg3 21. hxg3 Rxh1+ 22. Nf1 Rh8) 20. dxe5 $18 Rxg3 (20... Bxe5 $142 21. O-O-O Re8) 21. fxg3 Bxe5 22. O-O-O $1 d4 23. cxd4 Bg7 24. Nf3 Qd6 (24... Bh6 $142 25. Ng5 Bg4) 25. Qc3 Ne7 26. Ne5 Be6 27. Nxc4 Bxc4 28. Qxc4+ Kb8 29. Qc5 Qe6 (29... Qd7 $142 30. Rhe1 Bf6) 30. Rhe1 Qa2 31. Qd6+ ({Worse is} 31. Qxe7 Bh6+ 32. Re3 Rc8 $11) 31... Ka8 32. Rxe7 ({Less strong is} 32. Kd2 Bh6+ 33. Kd3 Qxa3+ 34. Ke4 Qa2 $18) 32... Bh6+ 33. Qxh6 $1 Qxa3+ 34. Kd2 {[%cal Rh6h8]} Qxb4+ 35. Kc1 $2 ({White has to play} 35. Ke2 $18 {[%cal Rh6h8]} Qxe7+ 36. Qe3) 35... Qa3+ $11 36. Kb1 {[%cal Rh6h8]} Qb4+ 37. Kc1 {[%cal Rh6h8]} Qa3+ 38. Kd2 {[%cal Rh6h8]} Qb4+ 39. Ke2 {[%cal Rh6h8]} Qxe7+ 40. Qe3 Qf7 41. Be4 Re8 42. Rb1 (42. g4 $142) 42... Qa2+ $18 {[#]} 43. Kf3 $2 (43. Kf1 $1 $18 Qxb1+ 44. Bxb1 Rxe3 45. g4) 43... Rf8+ $14 44. Qf4 $1 {[%cal Rf4f8]} ({Avoid the trap} 44. Kg4 $2 Qe6+ 45. Kg5 Rg8+ 46. Kf4 Qf6+ 47. Bf5 Qg5+ 48. Kf3 Qxf5+ 49. Qf4 Qxb1 $19) 44... Qa3+ 45. Kg4 {[%csl Gb1][%cal Re4b7]} Rxf4+ 46. gxf4 {[%mdl 4096] Endgame KQ-KRB} Qe7 $1 {[%cal Re7e4]} 47. Bxb7+ Kb8 {[#]} 48. Bf3+ $1 Kc8 {And now ...Qg7+ would win.} 49. Rb7 (49. Rc1+ $16 Kb8 50. Rb1+ Kc8 51. Rc1+ Kb8 52. Rc5) 49... Qf6 $2 {[%mdl 8192]} (49... Qe6+ $1 $14 50. Kg5 Qg8+ 51. Kf6 Qd8+ 52. Ke6 Qxd4) 50. Rxa7 $18 Qg6+ 51. Kh3 Kd8 52. Ra5 Ke7 $2 (52... Qe6+ 53. Bg4 Qe4) 53. Re5+ Kf6 54. d5 {Intending Re6+ and mate.} Qd3 55. Kg4 Kg7 56. Re6 {White mates.} Qd4 57. h4 Kf7 58. h5 Kg7 59. h6+ Kf7 60. Kg5 Kg8 61. Re8+ Kf7 62. Bh5# {Accuracy: White = 79%, Black = 54%.} 1-0

[Event "56th Rubinstein Memorial A 2020"]
[Site "Polanica Zdroj"]
[Date "2020.08.21"]
[Round "7.7"]
[White "Galant, Ireneusz"]
[Black "Stachecki, Mikolaj"]
[Result "0-1"]
[WhiteElo "1803"]
[BlackElo "1806"]
[Annotator "NA RC"]
[PlyCount "120"]
[EventDate "2020.08.15"]
[EventType "swiss"]
[EventCountry "POL"]
[SourceTitle "playchess.com"]
[Source "ChessBase"]
[SourceQuality "1"]
[TimeControl "40/5400+30:1800+30"]

{[%evp 13,120,-6,8,-18,12,32767,32767,14,41,-38,54,18,4,26,20,13,14,32767,40,32767,82,32767,79,32767,32767,32767,32767,32767,32767,32767,32767,32767,-117,32767,32767,32767,32767,-106,32767,32767,-134,-97,-16,32767,32767,-74,0,32767,32767,32767,-70,-116,-38,-8,32767,32767,0,0,32767,32767,32767,-17,0,-99,-93,-105,-76,-126,-94,-125,-131,-311,-358,-346,-296,-337,32767,717,-430,-411,32767,32767,32767,32767,-275,32767,32767,-306,-301,32767,-550,-560,-1026,-1396,-4614,-4578,-5620,-29979,-29988,-29987,-29990,-29991,-29992,-29992,-29993,-29993,-29994,-29994,-29993]} 1. d4 {[%emt 0:00:00]} Nf6 {[%emt 0:00:00]} 2. Nf3 {[%emt 0:00:00]} g6 {[%emt 0:00:00]} 3. Bf4 {[%emt 0:00:17]} Bg7 {[%emt 0:00:08]} 4. Nc3 {[%emt 0:00:33]} d5 {[%emt 0:00:25]} 5. e3 {[%emt 0:00:12]} c6 {[%emt 0:00:59]} 6. Ne5 {[%emt 0:01:40]} Nfd7 {[%emt 0:12:16]} 7. Nd3 {[%emt 0:01:34]} a5 {[%emt 0:01:25]} 8. a4 {[%emt 0:00:16]} b6 {[%emt 0:03:49]} 9. h4 {[%emt 0:01:32]} h5 {[%emt 0:01:44]} 10. g4 {[%emt 0:04:10]} Nf6 {[%emt 0:06:28]} 11. gxh5 {[%emt 0:01:36]} (11. g5 $11 Ne4 12. Bg2) 11... Bg4 {[%emt 0:01:18]} (11... Nxh5 $11 12. Bh2 Bf5) 12. Be2 {[%emt 0:01:05]} Bxe2 {[%emt 0:00:25]} 13. Qxe2 {[%emt 0:00:22]} Nxh5 {[%emt 0:00:40]} 14. Bh2 {[%emt 0:05:07]} Nd7 {[%emt 0:23:43]} 15. O-O-O {[%emt 0:09:26]} Qc8 {[%emt 0:06:34]} 16. f3 {[%emt 0:06:47]} Qa6 {[%emt 0:08:10]} 17. Qf2 {[%emt 0:04:57]} Qc4 {[%emt 0:06:46]} 18. Kd2 {[%emt 0:00:40]} Bh6 {[%emt 0:01:12]} 19. f4 {[%emt 0:00:15]} Nhf6 {[%emt 0:01:26]} 20. Qg2 {[%emt 0:09:07]} e6 {[%emt 0:01:47]} 21. b3 {[%emt 0:03:06]} Qa6 {[%emt 0:00:08]} 22. Nf2 {[%emt 0:13:04]} b5 {[%emt 0:01:44]} 23. e4 {[%emt 0:06:05]} b4 {[%emt 0:01:08]} 24. Ne2 {[%emt 0:00:23]} dxe4 {[%emt 0:03:41]} 25. Nxe4 {[%emt 0:00:52]} Nxe4+ {[%emt 0:00:17]} 26. Qxe4 {[%emt 0:00:08]} Nf6 {[%emt 0:01:34]} 27. Qf3 {[%emt 0:04:13]} Nd5 {[%emt 0:02:04]} ({Better is} 27... Qb7 $17 28. Bg3 Qd7) 28. Kc1 {[%emt 0:00:25]} O-O-O {[%emt 0:04:47]} 29. Bg3 {[%emt 0:05:37]} Kb7 {[%emt 0:01:57]} (29... Nf6 $15) 30. Rh2 {[%emt 0:04:53]} Rc8 {[%emt 0:00:26]} 31. Kb2 {[%emt 0:03:45]} Bg7 {[%emt 0:00:12]} 32. Ka2 {[%emt 0:05:57]} f5 {[%emt 0:02:18]} (32... Rh5 $17 33. c4 bxc3 34. Nxc3 Qb6 35. Nxd5 Rxd5) 33. Be1 {[%emt 0:03:59]} c5 {[%emt 0:01:35]} 34. c4 {[%emt 0:01:04]} bxc3 $1 {[%emt 0:00:21]} 35. Nxc3 {[%emt 0:00:17]} Bxd4 {[%emt 0:01:39]} 36. Nxd5 {[%emt 0:00:29]} Qc6 {[%emt 0:01:32]} 37. Re2 {[%emt 0:01:29]} Qxd5 {[%emt 0:01:04]} 38. Qxd5+ {[%emt 0:00:33]} (38. Qg3 $11 {remains equal.}) 38... exd5 {[%emt 0:00:04]} 39. Re7+ {[%emt 0:00:51]} Rc7 {[%emt 0:00:35]} 40. Re6 {[%emt 0:00:00]} Rc6 {[%emt 0:00:00]} 41. Re7+ {[%emt 0:03:46]} Kb6 {[%emt 0:12:30]} 42. Rd7 $2 {[%emt 0:03:07]} (42. Re2 $17 {was necessary.}) 42... Re6 {[%emt 0:00:38]} 43. Rxd5 {[%emt 0:02:18]} Kc6 {[%emt 0:00:08]} 44. R5xd4 {[%emt 0:01:08]} cxd4 {[%emt 0:00:10]} 45. Bxa5 {[%emt 0:00:06]} Rxh4 {[%emt 0:01:29]} 46. Rxd4 {[%emt 0:02:16]} Re4 {[%emt 0:00:23]} 47. Rd2 {[%emt 0:00:56]} Rhxf4 {[%emt 0:00:17]} 48. Rc2+ {[%emt 0:00:18]} Kb7 {[%emt 0:01:20]} 49. Bd8 {[%emt 0:01:36]} Rf1 {[%emt 0:03:21]} 50. Rc7+ {[%emt 0:02:47]} Kb8 {[%emt 0:00:20]} 51. Rc6 {[%emt 0:00:30]} f4 {[%emt 0:08:50]} 52. Rxg6 {[%emt 0:00:10]} f3 {[%emt 0:00:17]} 53. Bf6 {[%emt 0:12:22]} f2 {[%emt 0:01:29]} 54. Rg8+ {[%emt 0:01:42]} Kb7 {[%emt 0:00:29]} 55. Rf8 {[%emt 0:00:12] [#]} Rf4 {[%emt 0:00:39]} 56. Rf7+ {[%emt 0:01:50]} Kc6 {[%emt 0:01:42]} 57. b4 {[%emt 0:00:52] [#]} Ra1+ $1 {[%emt 0:02:28] Decoy, Clearance, Promotion} 58. Kb3 {[%emt 0:00:11]} Rb1+ {[%emt 0:00:20]} 59. Kc3 {[%emt 0:00:14]} f1=Q {[%emt 0:00:31]} 60. b5+ {[%emt 0:00:11]} Rxb5 {[%emt 0:01:34]} 0-1